[Event "Chigorin Memorial 24th"]
[White "Sanarov, Leonid"]
[Black "Zemnitskiy, Alexander"]
[Site "St Petersburg"]
[Round "9"]
[Result "0-1"]
[Date "2016.10.23"]
[WhiteElo "1852"]
[BlackElo "2044"]
[PlyCount "130"]
[EventDate "2016.10.15"]
[EventType "swiss"]
[EventRounds "9"]
[EventCountry "RUS"]
[SourceTitle "CBM 175 Extra"]
[Source "ChessBase"]
[SourceDate "2016.12.12"]
[SourceVersion "1"]
[SourceVersionDate "2016.12.12"]
[SourceQuality "1"]

1. c4 c6 2. Nc3 d5 3. cxd5 cxd5 4. d4 Nc6 5. Bf4 Bf5 6. e3 e6 7. Nf3 Bd6 8. Ne5 Nge7 9. Bb5 Rc8 10. Qa4 a6 11. Be2 f6 12. Nxc6 Rxc6 13. Bxd6 Qxd6 14. 0-0 0-0 15. a3 b5 16. Qd1 Nc8 17. Na2 Rc2 18. Nb4 Rxb2 19. Re1 a5 20. Nd3 Bxd3 21. Qxd3 a4 22. Reb1 Rxb1+ 23. Rxb1 Na7 24. Qc3 Rb8 25. Qa5 Qb6 26. Qb4 Qc7 27. Qd2 Rc8 28. g3 Qc3 29. Qxc3 Rxc3 30. Bxb5 Nxb5 31. Rxb5 Rxa3 32. Rb6 Kf7 33. Rb7+ Kg6 34. Re7 Kf5 35. Kg2 h5 36. Rxg7 Rb3 37. Rh7 Kg6 38. Re7 Rb6 39. Ra7 Rb4 40. Re7 a3 41. Ra7 Rb3 42. Kf3 e5 43. Ra5 exd4 44. Rxd5 d3 45. Ra5 Rc3 46. h4 Rb3 47. Ra4 Rb1 48. Rxa3 d2 49. Rd3 d1Q+ 50. Rxd1 Rxd1 51. Kf4 Rc1 52. f3 f5 53. e4 Rc4 54. Ke5 fxe4 55. fxe4 Rc3 56. Kf4 Kf6 57. g4 hxg4 58. Kxg4 Re3 59. Kf4 Rh3 60. Kg4 Rh1 61. Kf3 Ke5 62. Kg4 Kxe4 63. Kg5 Ke5 64. h5 Rg1+ 65. Kh6 Kf5 0-1

[Event "St Petersburg Summer op"]
[White "Sanarov, Leonid"]
[Black "Azimov, Ilyas"]
[Site "St Petersburg"]
[Round "9"]
[Result "0-1"]
[Date "2016.08.25"]
[WhiteElo "1856"]
[BlackElo "2136"]
[PlyCount "68"]
[EventDate "2016.08.17"]
[EventType "swiss"]
[EventRounds "9"]
[EventCountry "RUS"]
[SourceTitle "CBM 174 Extra"]
[Source "ChessBase"]
[SourceDate "2016.10.10"]
[SourceVersion "1"]
[SourceVersionDate "2016.10.10"]
[SourceQuality "1"]

1. c4 Nf6 2. g3 d5 3. cxd5 Qxd5 4. Nf3 c6 5. Bg2 e5 6. Nc3 Qa5 7. 0-0 Be7 8. d4 exd4 9. Nxd4 0-0 10. Qc2 Nbd7 11. Bf4 Nc5 12. a3 Qa6 13. Nf5 Bxf5 14. Qxf5 Ne6 15. Be3 Rfd8 16. Rad1 g6 17. Qc2 Ng4 18. Bc1 h5 19. h3 Nf6 20. Be3 Re8 21. Rfe1 Ng7 22. Ne4 Nf5 23. Bc5 Nxe4 24. Bxe4 Bxc5 25. Bxf5 Qb6 26. Bxg6 Bxf2+ 27. Kh1 Re7 28. Bxf7+ Rxf7 29. Qg6+ Rg7 30. Qe6+ Kh7 31. Qf5+ Kh8 32. Qxh5+ Kg8 33. Rd6 Qc5 34. Qh6 Qe5 0-1

[Event "St Petersburg Summer op"]
[White "Brugo, Marco"]
[Black "Sanarov, Leonid"]
[Site "St Petersburg"]
[Round "7"]
[Result "1/2-1/2"]
[Date "2016.08.23"]
[WhiteElo "2053"]
[BlackElo "1856"]
[PlyCount "47"]
[EventDate "2016.08.17"]
[EventType "swiss"]
[EventRounds "9"]
[EventCountry "RUS"]
[SourceTitle "CBM 174 Extra"]
[Source "ChessBase"]
[SourceDate "2016.10.10"]
[SourceVersion "1"]
[SourceVersionDate "2016.10.10"]
[SourceQuality "1"]

1. d4 Nf6 2. c4 g6 3. f3 Bg7 4. e4 d6 5. Ne2 0-0 6. Nbc3 Nbd7 7. Be3 e5 8. d5 a5 9. Qd2 Nc5 10. 0-0-0 Nfd7 11. g4 f5 12. Bg5 Nf6 13. gxf5 gxf5 14. Ng3 f4 15. Nh5 Qe8 16. Nxf6+ Bxf6 17. h4 Qh5 18. Rg1 Kh8 19. Bxf6+ Rxf6 20. Qf2 Rg6 21. Be2 Bd7 22. Rxg6 Qxg6 23. Rg1 Qf7 24. b3 1/2-1/2

[Event "St Petersburg Summer op"]
[White "Sanarov, Leonid"]
[Black "Turetsky, Mark"]
[Site "St Petersburg"]
[Round "4"]
[Result "1-0"]
[Date "2016.08.20"]
[WhiteElo "1856"]
[BlackElo "1622"]
[PlyCount "73"]
[EventDate "2016.08.17"]
[EventType "swiss"]
[EventRounds "9"]
[EventCountry "RUS"]
[SourceTitle "CBM 174 Extra"]
[Source "ChessBase"]
[SourceDate "2016.10.10"]
[SourceVersion "1"]
[SourceVersionDate "2016.10.10"]
[SourceQuality "1"]

1. c4 Nf6 2. g3 e6 3. Bg2 d5 4. Nf3 Be7 5. 0-0 0-0 6. d4 c5 7. cxd5 Nxd5 8. Nc3 Nxc3 9. bxc3 cxd4 10. cxd4 Nd7 11. e4 Nf6 12. Qe2 b6 13. Rd1 Bb7 14. Ne5 Nd7 15. Bf4 Rc8 16. Rac1 Rxc1 17. Rxc1 Nxe5 18. Bxe5 Bd6 19. Bxd6 Qxd6 20. Qc4 Qe7 21. Qc7 Qxc7 22. Rxc7 Rb8 23. d5 exd5 24. exd5 Kf8 25. f4 g6 26. Kf2 a6 27. Be4 Ke8 28. Ke3 Bc8 29. Kd4 Bd7 30. Ke5 a5 31. Bd3 b5 32. Kd6 Rb6+ 33. Kc5 Rb8 34. Ra7 a4 35. Kd6 Rb6+ 36. Kc7 Rf6 37. d6 1-0

[Event "St Petersburg Summer op"]
[White "Smirnov, Dmitrii"]
[Black "Sanarov, Leonid"]
[Site "St Petersburg"]
[Round "2"]
[Result "1/2-1/2"]
[Date "2016.08.18"]
[WhiteElo "1569"]
[BlackElo "1856"]
[PlyCount "101"]
[EventDate "2016.08.17"]
[EventType "swiss"]
[EventRounds "9"]
[EventCountry "RUS"]
[SourceTitle "CBM 174 Extra"]
[Source "ChessBase"]
[SourceDate "2016.10.10"]
[SourceVersion "1"]
[SourceVersionDate "2016.10.10"]
[SourceQuality "1"]

1. e4 c6 2. d4 d5 3. exd5 cxd5 4. Bd3 Nc6 5. c3 Nf6 6. Bf4 Bg4 7. Nf3 e6 8. Nbd2 Be7 9. Qc2 0-0 10. h3 Bh5 11. Ne5 Rc8 12. Qb1 a6 13. Ndf3 Bg6 14. Nxg6 hxg6 15. h4 Nh5 16. Bg5 Bxg5 17. hxg5 Nf4 18. Rh2 e5 19. dxe5 Nxe5 20. Nxe5 Qe7 21. Kd2 Qxe5 22. Qh1 Nh5 23. Rxh5 gxh5 24. Bh7+ Kxh7 25. Qxh5+ Kg8 26. Rh1 Qf4+ 27. Kd1 f5 28. Rh4 Qxh4 29. Qxh4 g6 30. Qd4 Rf7 31. Qxd5 Rcc7 32. Kc2 Rcd7 33. Qe6 Kh7 34. Qc4 Rfe7 35. f3 Rc7 36. Qd3 Rcd7 37. Qc4 Rc7 38. Qd3 Rcd7 39. Qc4 b5 40. Qh4+ Kg8 41. Qf2 Rd6 42. Kb3 Rde6 43. Qd4 Re2 44. g3 R2e3 45. a3 Kh7 46. Qh4+ Kg8 47. Qd4 Kh7 48. Qh4+ Kg8 49. Qd4 R7e6 50. Qd8+ Kh7 51. Qf8 1/2-1/2

[Event "St Petersburg Summer op"]
[White "Sanarov, Leonid"]
[Black "Melnikov, Dmitry"]
[Site "St Petersburg"]
[Round "1"]
[Result "0-1"]
[Date "2016.08.17"]
[WhiteElo "1856"]
[BlackElo "2262"]
[PlyCount "68"]
[EventDate "2016.08.17"]
[EventType "swiss"]
[EventRounds "9"]
[EventCountry "RUS"]
[SourceTitle "CBM 174 Extra"]
[Source "ChessBase"]
[SourceDate "2016.10.10"]
[SourceVersion "1"]
[SourceVersionDate "2016.10.10"]
[SourceQuality "1"]

1. c4 f5 2. g3 Nf6 3. Bg2 g6 4. Nc3 Bg7 5. Nf3 0-0 6. 0-0 d6 7. d4 Qe8 8. b3 e5 9. dxe5 dxe5 10. e4 Nc6 11. Re1 fxe4 12. Ng5 Bg4 13. Qc2 Nd4 14. Qb1 Nf3+ 15. Bxf3 exf3 16. Ba3 Bf5 17. Qb2 e4 18. Nxf3 exf3 19. Rxe8 Rfxe8 20. Qc1 Ng4 21. h3 Ne5 22. g4 Bd3 23. Nd5 Be2 24. Rb1 Nd3 25. Qg5 Re5 26. Qh4 g5 27. Qh5 Rxd5 28. Bc1 Re5 29. h4 gxh4 30. Qxh4 Re4 31. Qh5 Rae8 32. Bh6 Bxh6 33. Qxh6 Rxg4+ 34. Kh2 Rg2+ 0-1